Industrialisation in Malaysia : (Record no. 1780)
[ view plain ]
| 000 -LEADER | |
|---|---|
| fixed length control field | nam a22 a 4500 |
| 003 - CONTROL NUMBER IDENTIFIER | |
| control field | AKMAL |
| 005 - DATE AND TIME OF LATEST TRANSACTION | |
| control field | 20170511161216.0 |
| 008 - FIXED-LENGTH DATA ELEMENTS--GENERAL INFORMATION | |
| fixed length control field | 170511s1997 my 00 eng d |
| 020 ## - INTERNATIONAL STANDARD BOOK NUMBER | |
| International Standard Book Number | 9676107646: |
| Terms of availability | RM 40.00 |
| 040 ## - CATALOGING SOURCE | |
| Original cataloging agency | AKMAL |
| 082 04 - DEWEY DECIMAL CLASSIFICATION NUMBER | |
| Classification number | 338.9595 IND |
| 090 ## - LOCALLY ASSIGNED LC-TYPE CALL NUMBER (OCLC); LOCAL CALL NUMBER (RLIN) | |
| Classification number (OCLC) (R) ; Classification number, CALL (RLIN) (NR) | 338.9595 |
| Local cutter number (OCLC) ; Book number/undivided call number, CALL (RLIN) | IND |
| 245 00 - TITLE STATEMENT | |
| Title | Industrialisation in Malaysia : |
| Remainder of title | some contemporary issues / |
| Statement of responsibility, etc. | edited by B.N.Ghosh, Lai Yew Wah, Suresh Narayanan |
| 260 ## - PUBLICATION, DISTRIBUTION, ETC. | |
| Place of publication, distribution, etc. | Kuala Lumpur : |
| Name of publisher, distributor, etc. | Utusan Publications & Distributors , |
| Date of publication, distribution, etc. | 1997 |
| 300 ## - PHYSICAL DESCRIPTION | |
| Extent | vi, 210p. ; |
| Dimensions | 23cm |
| 504 ## - BIBLIOGRAPHY, ETC. NOTE | |
| Bibliography, etc. note | Includes bibliographical references |
| 650 ## - SUBJECT ADDED ENTRY--TOPICAL TERM | |
| Topical term or geographic name entry element | Industrialization |
| Geographic subdivision | Malaysia |
| 9 (RLIN) | 3374 |
| 650 ## - SUBJECT ADDED ENTRY--TOPICAL TERM | |
| Topical term or geographic name entry element | Industrial policy |
| Geographic subdivision | Malaysia |
| 9 (RLIN) | 3462 |
| 700 1# - ADDED ENTRY--PERSONAL NAME | |
| Personal name | Ghosh, B.N. |
| 9 (RLIN) | 3679 |
| 700 1# - ADDED ENTRY--PERSONAL NAME | |
| Personal name | Lai, Yew Wah |
| 9 (RLIN) | 3680 |
| 700 0# - ADDED ENTRY--PERSONAL NAME | |
| Personal name | Suresh Narayanan |
| 9 (RLIN) | 3681 |
| 942 ## - ADDED ENTRY ELEMENTS (KOHA) | |
| Source of classification or shelving scheme | |
| Koha item type | Book |
| Withdrawn status | Lost status | Source of classification or shelving scheme | Damaged status | Not for loan | Collection code | Home library | Current library | Shelving location | Date acquired | Inventory number | Total Checkouts | Full call number | Barcode | Date last seen | Price effective from | Koha item type |
|---|---|---|---|---|---|---|---|---|---|---|---|---|---|---|---|---|
| NON-FICTION | AKMAL Melaka | AKMAL Melaka | PINJAMAN | 11.05.2017 | 303271 | 338.9595 IND | 201705704 | 11.05.2017 | 11.05.2017 | Book |
